Sports General Knowledge #3 by Meast - Statistics

General Stats
  • This quiz has been taken 59 times
  • The average score is 10 of 20
Answer Stats
Hint Answer % Correct
What was the distance, in yards, of the longest kicked field goal in the NFL, kicked by Justin Tucker? 66
91%
How many yards is a full football field? 120
87%
Who has the 2nd most Ballon d’Or of all time? Cristiano Ronaldo
85%
What is the name of the MLB park where the Boston Red Sox play? Fenway
79%
Who has the most career triple doubles in the NBA? Russell Westbrook
79%
What is the name of the coach who led the Miami Heat to back to back championships in 2012 & 2013? Erik Spoelstra
68%
Who was the all-time leading scorer for the Seattle Supersonics? Gary Payton
64%
What city hosts the annual Rose Bowl game? Pasadena
64%
^^Referencing the question above, what is his nickname? The Glove
57%
Who is the all time saves leader in the MLB? Mariano Rivera
53%
What team did Wayne Gretsky play for when he scored his final goal? Rangers
43%
What is the name of the old stadium where the New York Mets played? Shea
38%
Who scored the famous “Golden Goal” for Canada in the 2010 Olympic final? Sydney Crosby
32%
Who was the first MLB player to reach 500 HR and 3,000 hits? Hank Aaron
30%
What was the last non-Power Five team to make the College Football Playoff (as of 2025)? Cincinnati
26%
Who was the first two time Heisman winner? Archie Griffin
21%
Which school has both men’s and women’s teams that won NCAA titles in Lacrosse in the same year? Maryland
19%
Who is the all time leading scorer in D1 mens college basketball? Pete Maravich
19%
What is the term called, in fencing, of the position taken before the match commences? En Garde
17%
What is the name of the award given annually to the best college lacrosse player? Tewaaraton
11%
No matching quizzes found
Score Distribution
Percent of People with Each Score
Percentile by Number Answered
Your Score History
You have not taken this quiz